000 00557nam a22001817a 4500
999 _c264138
_d264137
003 OSt
005 20240726141845.0
008 240726b xxu||||| |||| 00| 0 eng d
010 _a84072882
020 _a 0307020339
040 _cDLC
050 _aPZ7
_b.S6294 1985
100 _aSlater, Teddy.
245 _aThe Road Runner Mid-Mesa Marathon /
_c by Teddy Slater ; illustrated by John Costanza.
260 _aNew York :
_aRacine, Wis. :
_bGolden Book ;
_bWestern Pub. Co.,
_c c1985.
300 _a[24] p. :
_b col. ill. ;
_c20 cm.
942 _2lcc
_cBK